| 000 | 00349nam a2200145Ia 4500 | ||
|---|---|---|---|
| 008 | 150301s2013 xx 000 0 und d | ||
| 082 |
_a610.734 _bC13J |
||
| 100 | _aJOSEPH, SUNITA | ||
| 245 | _aCOMMUNITY HEALTH NURSING | ||
| 250 | _a1ST | ||
| 260 |
_bA.I.T.B.S _c2013 |
||
| 300 | _a483 | ||
| 650 | _aCOMMUNITY HEALTH NURSING | ||
| 942 |
_2ddc _cBK _038 |
||
| 999 |
_c6807 _d6807 |
||